000 00397 a2200109 4500
001 ART_46209
005 20260410161808.0
008 260409a
245 1 0 _aReflexiones sobre el impacto del megadecreto (PEN) 27/2018 en materia de SAS y sociedades por acciones
100 1 _aFernández, Fernanda M.
773 0 _tDoctrina Societaria y Concursal
_g- N°365 (abr. 2018)
_wREV4298
999 _c21227
_d21227